000 00496cam a2200193 4500
001 D8252
008 090401t1961 xxu||||| |||| 00| 0 eng d
035 _a(Sirsi) u12021
041 _aeng
050 _a347.4104
100 _aRoach, R.F.C.
245 _aLands Tribunal: practice and procedure and guide to costs
260 _aLondon
_bSweet & Maxwell
_c1961
300 _axvii. 204p. 24cm
350 _a1.25
490 _aCurrent Law Practice Guide 2
942 _n0
948 _c04/03/1997
999 _c86940
_d86940